01080 a2200229 4500003000500000005001700005010001600022020001700038040000900055082001200064100003200076245007700108260003200185300005200217505028100269650005200550651003500602651005000637942002100687999001900708952012300727Nust20230504134858.0 a 75015116 a0399115633 : cNust00a978,ADA1 aAdams, Alexander B.911212810aSunlight and storm : bThe great American plains / cAlexander B. Adams. aNew York :bPutnam,cc1977. a479 p., [12] leaves of plates :bill. ;c28 cm. aPART-1: 1528-1803 From the Discovery of the Great Plains by Europeans Through the Louisiana Purchase (Page-35), PART-2: 1804-1848 From the Lewis and Clark Expedition Through the Mexican War (Page-97), PART-3: 1848-1892 From the Gold Rush to the End of the Frontier (Page-267). 0aIndians of North AmericazGreat Plains.9112129 0aGreat PlainsxHistory.9112130 0aUnited StatesxTerritorial expansion.9112131 2ddccBKk978,ADA c186767d186767 00102ddc4070aMCSbMCScGENd2016-12-12o978,ADApMCS21309r2016-12-08w2016-12-12yBKzAlmirah No. 75, Shelf No. 8